<?xml version="1.0" encoding="UTF-8"?>
<collection xmlns="http://www.loc.gov/MARC21/slim">
 <record>
  <leader>     na                 </leader>
  <controlfield tag="001">INLIS000000000017541</controlfield>
  <controlfield tag="005">20250225085758</controlfield>
  <datafield tag="035" ind1=" " ind2=" ">
   <subfield code="a">0010-011500000010314</subfield>
  </datafield>
  <datafield tag="082" ind1=" " ind2=" ">
   <subfield code="a">400</subfield>
  </datafield>
  <datafield tag="100" ind1=" " ind2=" ">
   <subfield code="a">Andang</subfield>
  </datafield>
  <datafield tag="245" ind1="1" ind2=" ">
   <subfield code="a">Unen-unen Basa Using /</subfield>
   <subfield code="c">Andang C.Y.</subfield>
  </datafield>
  <datafield tag="260" ind1=" " ind2=" ">
   <subfield code="a">Banyuwangi :</subfield>
   <subfield code="b">Pemerintah Kabupaten Banyuwangi,</subfield>
   <subfield code="c">2003</subfield>
  </datafield>
  <datafield tag="300" ind1=" " ind2=" ">
   <subfield code="a">21 cm</subfield>
  </datafield>
  <controlfield tag="008">250225                           0      </controlfield>
  <datafield tag="084" ind1=" " ind2=" ">
   <subfield code="a">400 AND u</subfield>
  </datafield>
  <datafield tag="990" ind1=" " ind2=" ">
   <subfield code="a">21442</subfield>
  </datafield>
 </record>
</collection>
